Restrictive Trade Practices policy (Record no. 10739)

MARC details
000 -LEADER
fixed length control field 00982cab a2200205 4500
001 - CONTROL NUMBER
control field ABS39391
008 - FIXED-LENGTH DATA ELEMENTS--GENERAL INFORMATION
fixed length control field 090401t1988 xxu||||| |||| 00| 0 eng d
035 ## - SYSTEM CONTROL NUMBER
System control number (Sirsi) u16331
041 ## - LANGUAGE CODE
Language code of text/sound track or separate title eng
100 ## - MAIN ENTRY--PERSONAL NAME
Personal name Burke-Gaffney, M.
245 ## - TITLE STATEMENT
Title Restrictive Trade Practices policy
260 ## - PUBLICATION, DISTRIBUTION, ETC.
Date of publication, distribution, etc. 1988
350 ## - PRICE (NR) (BK AM CF MU VM SE) [OBSOLETE]
Price 0
490 ## - SERIES STATEMENT
Series statement Estates Gazette
Volume/sequential designation (8822) 4 June 1988, 26-28(2)
520 ## - SUMMARY, ETC.
Summary, etc. Examines the recent green paper , Review of Restrictive Trade Practices policy, Cm 331 . Compares the present system with the green paper`s proposals, which concentrate on providing for the prohibition of all agreements with anti-competitive effects or purposes and aligning, as far as possible, new UK domestic law of competition with the competition law of the European Community . Comments on the recent case involving the RICS .
650 ## - SUBJECT ADDED ENTRY--TOPICAL TERM
Topical term or geographic name entry element RESTRICTIVE TRADE PRACTICES ACT 1976
690 ## - LOCAL SUBJECT ADDED ENTRY--TOPICAL TERM (OCLC, RLIN)
Topical term or geographic name as entry element MANAGEMENT-BUSINESS MANAGEMENT-PROFESSIONAL PRACTICE
942 ## - ADDED ENTRY ELEMENTS (KOHA)
Suppress in OPAC 0
948 ## - LOCAL PROCESSING INFORMATION (OCLC); SERIES PART DESIGNATOR (RLIN)
c (OCLC) 04/03/1997
Holdings
Withdrawn status Lost status Source of classification or shelving scheme Damaged status Not for loan Home library Current library Shelving location Date acquired Total Checkouts Full call number Barcode Date last seen Copy number Price effective from Koha item type
    Dewey Decimal Classification     London London Journal article 14/09/1999   ABS39391 16331-1001 06/08/2019 1 06/08/2019 Journal article